000 01058nam a2200289Ia 4500
001 Para_9084
003 CHAP
008 220125s2005 xx 000 0 und d
010 _a207691
040 _cCHAP
090 _aPA TESIS 1942
100 _aVillanueva Sánchez, Evert
_9119519
245 _aCapacidad depredadora de Chrysoperla carnea Stephens (Neuroptera :
_bChrysopidae) en el control de Tetranychus urticae Koch (acaricida :
_btetranychidae), bajo condiciones de laboratorio en Chapingo, México /
_c por Evert Villanueva Sánchez
260 _aChapingo, Méx. :
_b el autor
300 _a86 h + apénd.
502 _aTesis (Ing. Agr. Esp. en Parasitología Agrícola) -- UACh. Departamento Parasitología Agrícola
650 _aAcaros depredadores
_9174140
650 _aChrysoperla carnea
_922956
650 _aTetranychus urticae
_9112502
901 _aPA TESIS 1942
902 _aA
905 _a0000002005 mx dmn 0000000000sp 00
910 _a2005
942 _cPARA
942 _cPARA
_d2
999 _c207691
_d207691